00181nam a2200073Ia 4500008004100000050001900041100001700060245003000077230915s9999 xx 000 0 und d aQC73.4 .M3 C.3 aMaton Anthea 0aMotion, Forces and Energy